00597 a2200181 450000100060000002000150000604000220002110000310004324000300007424500250010430000080012936200090013765000230014694200070016995201130017695201090028999900170039856958 a8530503171 cAnchieta - Pituba aNicolelis, Giselda Laporta10aPonte sobre o abismolpor10aPonte sobre o abismo a1260 a2003 4aLiteratura juvenil cBK 00104070a91.1b91.1d2023-11-21l0oLJ 028.5 N642p NIC PONp6724/PITr2023-11-21 18:24:33w2023-11-21yBK 00102ddc4070a57.2b57.2d2024-05-03l0pnt177r2024-05-03 13:51:27w2024-05-03yBKzEstante Brancau c56958d56958